Asutosh Mookerjee: (Record no. 93770)
[ view plain ]
| 000 -LEADER | |
|---|---|
| fixed length control field | 00661nam a22002177a 4500 |
| 005 - DATE AND TIME OF LATEST TRANSACTION | |
| control field | 20150622164752.0 |
| 010 ## - LCCN (DPL NO) | |
| LC control number | ENG-113093 |
| 020 ## - INTERNATIONAL STANDARD BOOK NUMBER | |
| International Standard Book Number | 978818789188802 |
| Terms of availability | 400.00 |
| 020 ## - INTERNATIONAL STANDARD BOOK NUMBER | |
| International Standard Book Number | 8187891882 |
| Terms of availability | 400.00 |
| 035 ## - SYSTEM CONTROL NUMBER | |
| System control number | EN-96625 |
| 037 ## - SOURCE OF ACQUISITION | |
| Source of stock number/acquisition | DBAD/PUB |
| 082 ## - DEWEY DECIMAL CLASSIFICATION NUMBER | |
| Classification number | 510 |
| 100 ## - MAIN ENTRY--PERSONAL NAME | |
| Personal name | Palit, Chittabrata |
| 245 ## - TITLE STATEMENT | |
| Title | Asutosh Mookerjee: |
| Statement of responsibility, etc | by Chittabrata Palit [and] Abhinandan Das |
| Remainder of title | mathesis of mathematics / |
| 260 ## - PUBLICATION, DISTRIBUTION, ETC. (IMPRINT) | |
| Name of publisher, distributor, etc | Readers Service |
| Date of publication, distribution, etc | 2010 |
| Place of publication, distribution, etc | Kolkata |
| 270 ## - ADDRESS | |
| City | Kolkata |
| Postal code | 700075 |
| Address | 59/5A, Garfa Main Road |
| 300 ## - PHYSICAL DESCRIPTION | |
| Extent | 288p. |
| Dimensions | 22cm(Hb) |
| 490 ## - SERIES STATEMENT | |
| Series statement | National science series 6 |
| 700 ## - ADDED ENTRY--PERSONAL NAME | |
| Personal name | Das, Abhinandan |
| 942 ## - ADDED ENTRY ELEMENTS (KOHA) | |
| Source of classification or shelving scheme | Dewey Decimal Classification |
| Item type | English Books |
| Call number suffix | PAL |
| Classification part | 510 |
| Withdrawn status | Lost status | Not for loan | Collection code | Home library | Current library | Date acquired | Source of acquisition | Cost, normal purchase price | Full call number | Barcode | Copy number | Cost, replacement price | Koha item type |
|---|---|---|---|---|---|---|---|---|---|---|---|---|---|
| Not For Loan | Non-fiction | D.B.Act.Division | D.B.Act.Division | 20/05/2015 | DBAD/PUB | 400.00 | 510 PAL | EN-96625 | 1 | 400.00 | English Books |
